Statistics for Countries that Beat the United Kingdom

Click here to take the quiz!

General Stats

  • This quiz has been taken 15,846 times
    (15,810 since last reset)
  • The average score is 14 of 20

Answer Stats

Rank Hint Countries % Correct
3Largest population in EuropeRussia | Germany
99%
6Most guessed on the "Countries of the World" quizUnited States | Canada | Russia | Mexico | China
99%
4Most populous island nationIndonesia | Japan | Philippines
94%
2Most native English speakersUnited States
90%
2Greatest number of people of Irish descentUnited States
83%
3Most visited country by U.S. citizensCanada | Mexico
81%
2Highest percent of people who have red hairIreland
79%
3Books published per yearChina | United States
76%
2Tallest building in EuropeRussia
76%
5Largest "Exclusive Economic Zone"
in the ocean
France | United States | Australia | Russia
76%
2Most UEFA Champions League /
European Cup wins
Spain
73%
8Nobel laureates per capitaSaint Lucia | Luxembourg | Switzerland |
Sweden | Iceland | Norway | Denmark | Austria
67%
5Longest reigning monarch in history
(sovereign states only)
France | Thailand | Liechtenstein | Austria
65%
2Oldest universityItaly
65%
4Highest percentage of people who aren't religious
(WIN/Gallup poll 2017)
China | Sweden | Czech Republic
64%
3Most populous monarchyJapan | Thailand
59%
3Highest tea consumption per capitaTurkey | Ireland
51%
5Earliest country to have a female Prime MinisterSri Lanka | India | Israel | Central African Republic
44%
2Most populous country whose name ends in "M"Vietnam
32%
2Highest Anglican Christian population
(BBC, 2008)
Nigeria
27%

Score Distribution

Percentile by Number Answered

Percent of People with Each Score

Your Score History

You have not taken this quiz since the last reset